000 00821nam a2200241 a 4500
001 000025203
005 20240302073950.0
008 110211s2006 dr a 000 0 spa d
020 _a9993483478
040 _aDO-SdBNP
_bspa
_cBNPHU
082 _a920.72
_bS211C, 2006
100 1 _aCassá, Roberto,
_d1948-
_910888
245 1 0 _aMaría Trinidad Sánchez :
_bla heroína de febrero /
_cRoberto Cassá ; ilustraciones Ramiro Manzano.
250 _a2a ed.
260 _aSanto Domingo :
_bTobogan,
_c2006.
300 _a49 p. :
_bil. ;
_c21 cm.
490 1 _aBiografías dominicanas Tobogán ;
590 _aInventariado, 2018/ YL
504 _aBibliografía : p. 49
650 4 _aSánchez, maría trinidad,
_d1784-1845
_951681
700 1 _aManzano, Ramiro,
_eil.
_9768
830 0 _aBiografías dominicanas Tobogán
_9769
999 _c24696
_d24696